| 000 | 02393 a2200361 4500 | ||
|---|---|---|---|
| 999 |
_c10970 _d10970 |
||
| 020 | _a0521815711 | ||
| 020 | _a0521016355 (pbk.) | ||
| 050 | 0 | 0 |
_aGN635 _b.FAM 2002 |
| 100 |
_aGoodman, Roger, _d1960- _e Editor |
||
| 245 | 0 | 0 |
_aFamily and social policy in Japan : _banthropological approaches / _cedited by Roger Goodman. |
| 264 |
_aNew York: _bCambridge University Press _c 2002 |
||
| 300 |
_axvii, 237 p. : _bill. ; |
||
| 336 |
_2text _atxt _brdacontent |
||
| 337 |
_2unmediated _an _brdamedia |
||
| 338 |
_2volume _anv _brdacarrier |
||
| 440 | 0 | _aContemporary Japanese society | |
| 504 | _aIncludes bibliographical references and index. | ||
| 505 | _aList of Illustrations xi Acknowledgements xiii Contributors xv A note to the reader xvii Anthropology, policy and the study of Japan 1 (28) Roger Goodman Toward a cultural biography of civil society in Japan 29 (25) Victoria Lyon Bestor Pinning hopes on angels: reflections from an aging Japan's urban landscape 54 (38) Glenda S. Roberts Reproducing identity: maternal and child healthcare for foreigners in Japan 92 (19) Carolyn S. Stevens Setsuko Lee State, standardisation and `normal' children: an anthropological study of a preschool 111 (20) Eyal Ben-Ari Child abuse in Japan: `discovery' and the development of policy 131 (25) Roger Goodman Touching of the hearts: an overview of programmes to promote interaction between the generations in Japan 156 (21) Leng Leng Thang Death policies in Japan: the state, the family, and the individual 177 (23) Yohko Tsuji Embodiment, citizenship and social policy in contemporary Japan 200 (30) Vera Mackie Index 230 | ||
| 650 | 0 | _aFamilies | |
| 650 | 0 | _aFamily policy | |
| 650 | 0 | _aPublic welfare | |
| 650 | 0 | _aSocial problems | |
| 650 | 0 | _aApplied anthropology | |
| 651 | 0 | _aJapan | |
| 651 | 0 | _aJapan | |
| 700 | 1 |
_aGoodman, Roger, _d1960- |
|
| 856 | 4 | 1 |
_3Table of contents _uhttp://www.loc.gov/catdir/toc/cam031/2002073882.html |
| 856 | 4 | 2 |
_3Publisher description _uhttp://www.loc.gov/catdir/description/cam0210/2002073882.html |
| 856 | 4 | 2 |
_3Contributor biographical information _uhttp://www.loc.gov/catdir/enhancements/fy0731/2002073882-b.html |
| 942 |
_2lcc _cBK _h635 _iFAM _kGN |
||